| 000 | 01018nam a2200289 i 4500 | ||
|---|---|---|---|
| 001 | 15604 | ||
| 003 | ES-MaACL | ||
| 005 | 20230906151119.0 | ||
| 007 | t| | ||
| 008 | 000405s1998 sp ||||0| spa j | ||
| 020 | _a84-493-0561-6 | ||
| 040 |
_aM-BN _bspa _cM-BN |
||
| 080 | _a17:32(430) | ||
| 100 | 1 |
_aJaspers, Karl. _966154 |
|
| 245 | 1 | 3 |
_aEl problema de la culpa _b: sobre la responsabilidad política de Alemania / _cKarl Jaspers ; introducción de Ernesto Garzón ; [traducción de Román Gutiérrez Cuartango]. |
| 250 | _a1ª ed. | ||
| 260 |
_aBarcelona : _bPaidós : _bI.C.E. de la Universidad Autónoma de Barcelona, _c1998. |
||
| 300 |
_a133 p. ; _c20 cm. |
||
| 490 | 1 |
_aPensamiento contemporáneo ; _v52 |
|
| 650 | 1 | 4 |
_aÉtica política- _zAlemania. _912589 |
| 700 | 1 |
_aGarzón, Ernesto. _955819 |
|
| 700 | 1 |
_aGutiérrez Cuartango, Román. _961110 |
|
| 830 | 0 |
_aPensamiento contemporáneo ; _v52 _9179725 |
|
| 852 |
_aES-MaACL _jL-22806 _bR.127995 |
||
| 999 |
_c15604 _d15604 |
||